000 00367nam a2200181Ia 4500
100 _aSrinivasan/M.R
650 _aPhysics
250 _a2
942 _cBK
366 _f25
654 _aengineers
245 _aPhysics for engineers
260 _bNew Age International Ltd.
_c2009
082 _a530
_bSRI
300 _a736
546 _aENGLISH
999 _c28621
_d28621